| 000 | 00951nam a2200229Ia 4500 | ||
|---|---|---|---|
| 001 | 851-ARI lu op (17141) | ||
| 003 | IT-MiSPE | ||
| 008 | 171229s9999||||xx |||||||||||||| ||und|| | ||
| 040 |
_aIT-MiSPE _cIT-MiSPE |
||
| 041 | _aITALIANO | ||
| 100 | _aLudovico Ariosto | ||
| 245 | 0 | _aOpere | |
| 250 | _a1a ed. (v) | ||
| 260 |
_aMilano _bMursia _c1970 |
||
| 300 |
_aXXIII, 1216 p. _c22 cm |
||
| 490 |
_aLe corone _v9 |
||
| 501 | _aEdizioni San Paolo srl - Piazza Soncino, 5 - 20092 CINISELLO BALSAMO (MI) (non commercial uses only) ® Copyright 2018 | ||
| 700 | _aAdriano Seroni | ||
| 942 | _cBK | ||
| 957 | _71 | ||
| 999 |
_a3525 _bNO _g Copie: 1 _c354011 _d354011 |
||